Projektovanie,stavba a rekonštrukcia železničných tratí
Gespeichert in:
| Format: | Buch |
|---|---|
| Sprache: | Slowakisch |
| Veröffentlicht: |
Bratislava :
Alfa,
1975
|
| Ausgabe: | 1.vyd. |
| Tags: |
Keine Tags, Fügen Sie das erste Tag hinzu!
|
MARC
| LEADER | 00000nam a22000003a 4500 | ||
|---|---|---|---|
| 001 | stu126001 | ||
| 005 | 20150408182320.6 | ||
| 008 | 060912s1975----cs------------------slo-d | ||
| 040 | |a STU |b slo | ||
| 041 | 0 | |a slo | |
| 044 | |a cs | ||
| 080 | |a 625.1 | ||
| 245 | |a Projektovanie,stavba a rekonštrukcia železničných tratí | ||
| 250 | |a 1.vyd. | ||
| 260 | |a Bratislava : |b Alfa, |c 1975 | ||
| 300 | |a 398 s.;tab.,schémy | ||
| 996 | |b 284V026693 |c V*31048/O-12604 |l VVT |s A |a 24 |w stu126001_0001 | ||